| 000 | 01369cam a2200313 i 4500 | ||
|---|---|---|---|
| 003 | SA-RiAUC | ||
| 005 | 20241021072443.0 | ||
| 008 | 241020s2007 ts g i000 0bara c | ||
| 040 |
_aEG-CaDAJ _bara _cSA-RiAUC _erda |
||
| 050 | 4 | _b.S25 2007 | |
| 082 | 0 | 4 |
_a239 _qSA-RiAUC |
| 082 | 0 | 4 | _a239 |
| 090 |
_a239 _bس ل م |
||
| 100 | 1 |
_aسلمان، شروق محمد _eمؤلف. |
|
| 245 | 1 | 0 |
_aفي أنوار النبوة : _bقطوف من السيرة النبوية العطرة / _cبقلم شروق محمد سلمان. |
| 246 | 3 | 0 | _aقطوف من السيرة النبوية العطرة |
| 250 | _aالطبعة الأولى. | ||
| 264 | 1 |
_aدبي، الإمارات العربية المتحدة : _bجائزة دبي الدولية للقرآن الكريم، _c2007 |
|
| 300 |
_a229 صفحة ؛ _c24 × 17 سم. |
||
| 336 |
_aنص _btxt _2rdacontent _3كتاب |
||
| 337 |
_aبدون وسيط _bn _2rdamedia |
||
| 338 |
_aمجلد _bnc _2rdacarrier |
||
| 490 | 1 |
_aجائزة دبي للقرآن الكريم. _aسلسلة محكمة |
|
| 600 | 0 | 7 |
_aمحمد (صلى الله عليه وسلم)، _d53 قبل الهجرة-11 هجري _2aucnm |
| 650 | 7 |
_aالسيرة النبوية _2aucsh |
|
| 830 | 0 |
_aجائزة دبي للقرآن الكريم _pسلسلة محكمة |
|
| 942 |
_2ddc _cBOOK _n0 |
||
| 949 |
_aSA-JeALM _d241020 _umohamedma123 _n1 |
||
| 999 |
_c1534 _d1534 |
||